[Event "Lazy Baltic Pearl op-A 19th"]
[Site "Lazy"]
[Date "2023.07.02"]
[Round "7"]
[White "Zeissel, Andrzej"]
[Black "Sliz, Karol"]
[Result "1-0"]
[WhiteElo "1806"]
[BlackElo "1776"]
[PlyCount "89"]
[EventDate "2023.06.26"]
[EventType "swiss"]
[EventRounds "9"]
[EventCountry "POL"]
[SourceTitle "CBM 215 Extra"]
[Source "ChessBase"]
[SourceDate "2023.09.30"]
[SourceVersion "1"]
[SourceVersionDate "2023.09.30"]
[SourceQuality "1"]

1. e4 c5 2. Nc3 Nc6 3. Nf3 g6 4. d4 cxd4 5. Nxd4 Bg7 6. Nxc6 bxc6 7. Bc4 d6 8. 0-0 Nf6 9. e5 dxe5 10. Qxd8+ Kxd8 11. Re1 Bf5 12. f3 h5 13. Bg5 e6 14. Ne4 Bxe4 15. fxe4 Ke8 16. Rad1 Rd8 17. Rxd8+ Kxd8 18. Rf1 Ke7 19. h4 Rd8 20. Bd3 Rd4 21. Rf3 Ra4 22. a3 c5 23. c3 Bh8 24. Kf1 Bg7 25. Ke1 c4 26. Be2 Bh8 27. Kd1 Bg7 28. Kc2 Bh8 29. Kb1 Bg7 30. Ka2 Bh8 31. Rf1 Bg7 32. g3 Bh8 33. b3 Ra6 34. Bxc4 Rc6 35. Kb2 Rc7 36. Kc2 Bg7 37. Be2 Rc5 38. b4 Rc7 39. a4 Rd7 40. b5 Rc7 41. a5 Rc5 42. b6 axb6 43. axb6 Rc6 44. b7 Rb6 45. Rb1 1-0

[Event "POL-ch U16"]
[Site "Jastrzebia Gora"]
[Date "2023.??.??"]
[Round "8"]
[White "Sliz, Karol"]
[Black "Marek, Grzegorz"]
[Result "1-0"]
[WhiteElo "1672"]
[BlackElo "1657"]
[PlyCount "93"]
[EventDate "2023.03.11"]
[EventType "swiss"]
[EventRounds "9"]
[EventCountry "POL"]
[SourceTitle "CBM 213 Extra"]
[Source "ChessBase"]
[SourceDate "2023.05.31"]
[SourceVersion "1"]
[SourceVersionDate "2023.05.31"]
[SourceQuality "1"]

1. e4 c5 2. Nf3 Nc6 3. d4 cxd4 4. Nxd4 Nf6 5. Nc3 e6 6. Ndb5 Bc5 7. Bf4 0-0 8. Bc7 Qe7 9. Bd6 Bxd6 10. Qxd6 Qd8 11. 0-0-0 a6 12. Nd4 Ne7 13. Qg3 b5 14. e5 Ne8 15. Ne4 Bb7 16. Bd3 f5 17. exf6 Nxf6 18. Nxe6 dxe6 19. Nxf6+ Rxf6 20. Bxh7+ Kxh7 21. Rxd8 Rxd8 22. Qc7 Nc6 23. Qxb7 Nd4 24. Qe4+ Kg8 25. c3 Nf5 26. Rd1 Rdf8 27. f4 Nh6 28. g3 Kh8 29. Rd6 Re8 30. Rxa6 Ng4 31. Qe2 Nh6 32. Qxb5 Rd8 33. Qb7 Rf7 34. Qe4 Rfd7 35. Ra8 Rd1+ 36. Kc2 R1d2+ 37. Kb3 Rxa8 38. Qxa8+ Ng8 39. Qe4 Rd6 40. a4 Nf6 41. Qa8+ Kh7 42. a5 Nd5 43. a6 Rb6+ 44. Kc2 Ne3+ 45. Kc1 Nd5 46. a7 Ra6 47. Qb7 1-0

[Event "POL-ch U16"]
[Site "Jastrzebia Gora"]
[Date "2023.??.??"]
[Round "2"]
[White "Sliz, Karol"]
[Black "Starosciak, Szymon"]
[Result "0-1"]
[WhiteElo "1672"]
[BlackElo "2037"]
[PlyCount "102"]
[EventDate "2023.03.11"]
[EventType "swiss"]
[EventRounds "9"]
[EventCountry "POL"]
[SourceTitle "CBM 213 Extra"]
[Source "ChessBase"]
[SourceDate "2023.05.31"]
[SourceVersion "1"]
[SourceVersionDate "2023.05.31"]
[SourceQuality "1"]

1. e4 c5 2. Nf3 d6 3. d4 cxd4 4. Nxd4 Nf6 5. Nc3 Nc6 6. Bg5 Bd7 7. Qd2 Rc8 8. f3 Nxd4 9. Qxd4 Qa5 10. Qd2 Qd8 11. Qd4 Qa5 12. Qd2 e6 13. Bd3 Be7 14. h4 h6 15. Be3 h5 16. Bg5 a6 17. 0-0-0 d5 18. e5 d4 19. Nb1 Qxe5 20. Rhe1 Qc5 21. Qf2 Nd5 22. Bxe7 Kxe7 23. Re4 Ne3 24. Re1 Bb5 25. Rxd4 Qxd4 26. Rxe3 Rhd8 27. c3 Bxd3 28. Kd2 Bxb1+ 29. cxd4 Rc2+ 30. Ke1 Rxf2 31. Kxf2 Bxa2 32. Rd3 Rc8 33. Rd2 Bd5 34. g4 hxg4 35. fxg4 Rh8 36. Kg3 f6 37. Rc2 Kd7 38. b4 Rc8 39. Rd2 Rc4 40. h5 Rxb4 41. g5 fxg5 42. Kg4 Rb1 43. Kxg5 a5 44. Rf2 Rg1+ 45. Kh4 a4 46. h6 Rh1+ 47. Kg5 gxh6+ 48. Kg6 a3 49. Rf7+ Kc6 50. Rf8 a2 51. Rc8+ Kd7 0-1

[Event "POL-ch U16"]
[Site "Jastrzebia Gora"]
[Date "2023.??.??"]
[Round "3"]
[White "Trzebinski, Patryk"]
[Black "Sliz, Karol"]
[Result "1-0"]
[WhiteElo "1826"]
[BlackElo "1672"]
[PlyCount "119"]
[EventDate "2023.03.11"]
[EventType "swiss"]
[EventRounds "9"]
[EventCountry "POL"]
[SourceTitle "CBM 213 Extra"]
[Source "ChessBase"]
[SourceDate "2023.05.31"]
[SourceVersion "1"]
[SourceVersionDate "2023.05.31"]
[SourceQuality "1"]

1. e4 c6 2. d4 d5 3. e5 Bf5 4. Nc3 e6 5. g4 Bg6 6. Nge2 c5 7. h4 h5 8. Nf4 Bh7 9. Nxh5 cxd4 10. Nb5 Nc6 11. Nxd4 Qb6 12. Nxc6 bxc6 13. Bd3 Bxd3 14. Qxd3 Qb4+ 15. Bd2 Qxg4 16. Ng3 Bc5 17. Qc3 Qd4 18. b4 Qxc3 19. Bxc3 Bb6 20. Ke2 Ne7 21. h5 0-0-0 22. Rh4 Rh7 23. Rf4 g6 24. h6 Nf5 25. Rh1 Rdh8 26. Nxf5 exf5 27. Rfh4 Bd8 28. R4h3 Bg5 29. Bd2 Be7 30. Kd3 Kd7 31. Kd4 Ke6 32. Ra3 Bd8 33. c4 dxc4 34. Kxc4 Bb6 35. Bg5 Bd8 36. Bxd8 Rxd8 37. Rxa7 Kxe5 38. Kc5 Rb8 39. a4 g5 40. Rc7 g4 41. Rxc6 f4 42. Re1+ Kf5 43. a5 g3 44. fxg3 fxg3 45. a6 Kg4 46. b5 g2 47. a7 Ra8 48. b6 f5 49. Rg6+ Kf3 50. Rg1 f4 51. R1xg2 Ke3 52. Rg8 Raxa7 53. bxa7 Rxa7 54. R2g7 Ra5+ 55. Kb4 Rf5 56. h7 f3 57. h8Q Rf4+ 58. Kc3 f2 59. Re7+ Re4 60. Qd4+ 1-0

[Event "EU-ch Blitz"]
[Site "Katowice"]
[Date "2022.12.16"]
[Round "1"]
[White "Sliz, Karol"]
[Black "Spalir, Jernej"]
[Result "0-1"]
[WhiteElo "1672"]
[BlackElo "2377"]
[PlyCount "80"]
[EventDate "2022.12.16"]
[EventType "swiss (blitz)"]
[EventRounds "22"]
[EventCountry "POL"]
[SourceTitle "CBM 211 Extra"]
[Source "ChessBase"]
[SourceDate "2023.01.31"]
[SourceVersion "1"]
[SourceVersionDate "2023.01.31"]
[SourceQuality "1"]

1. e4 e5 2. Bc4 Nf6 3. d3 c6 4. Nf3 Bd6 5. 0-0 Bc7 6. Nc3 h6 7. Re1 0-0 8. Bb3 d6 9. h3 Nbd7 10. Be3 Nc5 11. Bxc5 dxc5 12. Qe2 Qe7 13. Nd1 Nh5 14. Ne3 Nf4 15. Qf1 Qf6 16. c3 Nxh3+ 17. gxh3 Qxf3 18. Qg2 Qxh3 19. Qxh3 Bxh3 20. Kh2 Be6 21. Rg1 Kh7 22. Bc2 Bd8 23. Ng4 Bg5 24. Kh1 Bf4 25. a3 Rad8 26. Rad1 b5 27. Ne3 Bxe3 28. fxe3 f5 29. d4 cxd4 30. exd4 exd4 31. cxd4 g6 32. Rge1 Rd7 33. d5 cxd5 34. exd5 Bxd5+ 35. Kg1 Rfd8 36. Re5 Bc4 37. Rde1 Kg7 38. Re7+ Kf6 39. R7e5 Rd2 40. Bd1 Rxd1 0-1

[Event "Lazy Baltic Pearl op-A 18th"]
[Site "Lazy"]
[Date "2022.07.01"]
[Round "6"]
[White "Krasniewski, Maciej"]
[Black "Sliz, Karol"]
[Result "1-0"]
[WhiteElo "1737"]
[BlackElo "1615"]
[PlyCount "93"]
[EventDate "2022.06.26"]
[EventType "swiss"]
[EventRounds "9"]
[EventCountry "POL"]
[SourceTitle "CBM 209 Extra"]
[Source "ChessBase"]
[SourceDate "2022.09.30"]
[SourceVersion "1"]
[SourceVersionDate "2022.09.30"]
[SourceQuality "1"]

1. d4 Nf6 2. c4 e6 3. Nf3 b6 4. g3 Bb7 5. Bg2 Be7 6. Nc3 Ne4 7. Nxe4 Bxe4 8. 0-0 0-0 9. Ne1 Bxg2 10. Nxg2 f5 11. Qc2 Bf6 12. Rd1 Qe7 13. d5 g6 14. Ne3 Na6 15. Rb1 Qe8 16. b4 e5 17. Qa4 Nb8 18. d6 c6 19. b5 Qc8 20. Ba3 Qb7 21. c5 cxb5 22. Rxb5 Nc6 23. Qc4+ Kg7 24. Nd5 Nd4 25. Rxd4 exd4 26. Bb2 Rae8 27. cxb6 Rc8 28. Qb4 axb6 29. Nxf6 Rxf6 30. Qxd4 Rcf8 31. Qxb6 Qe4 32. Re5 Qa4 33. Re7+ Kh6 34. Bxf6 Rxf6 35. Qe3+ f4 36. Qd2 g5 37. Re5 Rg6 38. Rd5 Qe4 39. Qd3 Qa4 40. a3 Qc6 41. g4 Qc1+ 42. Kg2 Qc6 43. f3 Re6 44. Qf5 Rg6 45. Qf8+ Rg7 46. Rxg5 Qc3 47. Rh5+ 1-0

[Event "Lazy Baltic Pearl op-A 18th"]
[Site "Lazy"]
[Date "2022.06.28"]
[Round "3"]
[White "Sliz, Karol"]
[Black "Kotowicz, Kamil"]
[Result "0-1"]
[WhiteElo "1615"]
[BlackElo "1770"]
[PlyCount "124"]
[EventDate "2022.06.26"]
[EventType "swiss"]
[EventRounds "9"]
[EventCountry "POL"]
[SourceTitle "CBM 209 Extra"]
[Source "ChessBase"]
[SourceDate "2022.09.30"]
[SourceVersion "1"]
[SourceVersionDate "2022.09.30"]
[SourceQuality "1"]

1. e4 e6 2. d4 b6 3. Nc3 Bb7 4. Be3 Nf6 5. f3 d5 6. e5 Nfd7 7. f4 a6 8. Nf3 c5 9. Qd2 Nc6 10. Be2 Rc8 11. a3 b5 12. dxc5 Bxc5 13. Bxc5 Nxc5 14. Bd3 Ne7 15. Nd4 g6 16. Nce2 Nf5 17. c3 h5 18. g3 Ne4 19. Bxe4 dxe4 20. Nxf5 Qxd2+ 21. Kxd2 gxf5 22. Rhg1 Ke7 23. Ke3 Rcg8 24. h3 Bd5 25. Nd4 Rh7 26. Rg2 Rhg7 27. Rag1 f6 28. h4 Rg4 29. Ne2 Kf7 30. exf6 Kxf6 31. Nd4 Ke7 32. Ne2 Kd6 33. b4 R4g7 34. Nd4 Rc8 35. Rc1 Rgc7 36. Rgc2 Ke7 37. Ne2 Kf6 38. Rb2 Bc4 39. Nd4 Bd3 40. Kd2 Rg8 41. Rg1 Rcg7 42. Nb3 Rxg3 43. Rxg3 Rxg3 44. Nc5 Rh3 45. Nd7+ Kg6 46. Ne5+ Kg7 47. Ke1 Rh1+ 48. Kd2 Rxh4 49. Ke3 Rh3+ 50. Kd4 Bf1 51. Rf2 Rh1 52. a4 Bh3 53. axb5 axb5 54. c4 bxc4 55. Nxc4 Rb1 56. Nb2 Bf1 57. Rh2 h4 58. Kc3 h3 59. Kc2 Re1 60. Kd2 Re2+ 61. Rxe2 Bxe2 62. Kxe2 h2 0-1

[Event "Lazy Baltic Pearl op-A 18th"]
[Site "Lazy"]
[Date "2022.06.26"]
[Round "1"]
[White "Sliz, Karol"]
[Black "Kejna, Piotr"]
[Result "1/2-1/2"]
[WhiteElo "1615"]
[BlackElo "1970"]
[PlyCount "78"]
[EventDate "2022.06.26"]
[EventType "swiss"]
[EventRounds "9"]
[EventCountry "POL"]
[SourceTitle "CBM 209 Extra"]
[Source "ChessBase"]
[SourceDate "2022.09.30"]
[SourceVersion "1"]
[SourceVersionDate "2022.09.30"]
[SourceQuality "1"]

1. e4 c5 2. Nf3 d6 3. d4 cxd4 4. Nxd4 Nf6 5. Nc3 g6 6. Be3 Bg7 7. f3 Nc6 8. Qd2 0-0 9. 0-0-0 d5 10. Qe1 e5 11. Nxc6 bxc6 12. exd5 Nxd5 13. Bc4 Be6 14. Ne4 Qb8 15. Bc5 Rd8 16. g4 h6 17. Ba3 Nf4 18. Bxe6 Nxe6 19. Qe3 Rd5 20. Be7 Qc7 21. Nf6+ Kh8 22. Nxd5 cxd5 23. Bh4 Rc8 24. Qf2 e4 25. fxe4 Qe5 26. c3 d4 27. Bg3 Qxe4 28. Rhe1 Qxg4 29. Be5 dxc3 30. Bxg7+ Kxg7 31. b3 Qb4 32. Re2 Nf4 33. Rc2 Re8 34. Kb1 Re4 35. Qf3 Qe7 36. Qxc3+ Kh7 37. Qc7 Qf6 38. Qxa7 Ne2 39. Qb7 Re7 1/2-1/2